• 首页
  • 本馆介绍
  • 公告通知
  • 最新文献
  • 馆藏检索
  • 电子资源
  • 读者导购
  • 参考咨询
  • 我的图书馆
  • 登录
  • 详细信息显示
  • 放入我的书架
  • 预约/预借图书
  • 作者相关作品
  • 分类相关作品
  • 丛书相关作品
  • 出版社相关作品

书目信息

  • 表格格式
  • 工作单格式
  • 卡片格式
题名:
未来因你而来
    
 
作者: 朱永新 著
分册:  
出版信息: 上海   华东师范大学出版社  2021.1
页数: 360页
开本: 23cm
丛书名: 大夏书系·新教育实验文丛
单 册:
中图分类: G4
科图分类:
主题词: 教育工作--文集
电子资源:
ISBN: 978-7-5760-1067-1
000 01007nam0 2200277 45
001 012001004055
005 20211010094735.33
010    @a978-7-5760-1067-1@dCNY59.80
100    @a20210318d2021 em y0chiy0110 ea
101 0  @achi
102    @aCN@b310000
105    @ay z 000yy
106    @ar
200 1  @a未来因你而来@Awei lai yin ni er lai@e我与新教育人的故事@f朱永新著
205    @a2版
210    @a上海@c华东师范大学出版社@d2021.1
215    @a360页@d23cm
225 2  @a大夏书系·新教育实验文丛
330    @a本书共分为三辑:幸福澎湃的行动、一路风雨一路歌、为了种子的深耕。书中不仅记录着新教育实验的发展历史,而且书中的人物每一个都曾经走进过作者的生活。所涉及的老师,全部与新教育事业的发展有着密切的相关,例如,李镇西、袁卫星、许新海等老师。
410  0 @12001 @a大夏书系·新教育实验文丛
461  0 @12001 @a大夏书系·新教育实验文丛
606 0  @a教育工作@j文集
690    @aG4@v5
701  0 @a朱永新@Azhu yong xin@4著
801    @aCN@bAHXH@c20210922
905    @b1329173-7@dG4@e315=2@f5
    
    未来因你而来:我与新教育人的故事/朱永新著.-2版.-上海:华东师范大学出版社,2021.1
    360页;23cm.-(大夏书系·新教育实验文丛)
    
    
    ISBN 978-7-5760-1067-1:CNY59.80
    本书共分为三辑:幸福澎湃的行动、一路风雨一路歌、为了种子的深耕。书中不仅记录着新教育实验的发展历史,而且书中的人物每一个都曾经走进过作者的生活。所涉及的老师,全部与新教育事业的发展有着密切的相关,例如,李镇西、袁卫星、许新海等老师。
●
相关链接 在E读中查询图书 在五车中查询图书 在当当中查询图书 在豆瓣中查询图书


正题名:未来因你而来     索取号:G4/315=2         预约/预借

序号 登录号 条形码 馆藏地/架位号 状态 备注
1 1329173   213291739   第一样本阅览室/ [索取号:G4/315=2] 在馆    
2 1329174   213291748   教育系资料室/ [索取号:G4/315=2] 在馆    
3 1329175   213291757   教育系资料室/ [索取号:G4/315=2] 在馆    
4 1329176   213291766   第四借阅区/ [索取号:G4/315=2] 在馆    
5 1329177   213291775   第四借阅区/ [索取号:G4/315=2] 在馆    
唐山师范学院图书馆 欢迎您!
大连网信软件有限公司© 版权所有